000 00495cam a22002054a 4500
005 20250605164332.0
008 250528s ||||||||||||||||||||||||d
035 _a23281
020 _a582236541
040 _aGR-AtMCL
_bgre
_dGR-AtMCL
_eAACR2
245 1 _aMaths for Computing & Information Technology
250 _a1st
260 _bLongman,
_c1995
300 _a259
700 1 _aGiannasi Frank
_94810
700 1 _aLow Robert
_94811
942 _cBK
999 _c8309
_d8309